[Event "BRA-ch Amateurs U2300"]
[Site "Sao Paulo"]
[Date "2024.05.30"]
[Round "1"]
[White "De Menezes, Ricardo Fagner Dias"]
[Black "De Rossi, Pedro Donizeti"]
[Result "0-1"]
[WhiteElo "1865"]
[BlackElo "2104"]
[PlyCount "70"]
[EventDate "2024.05.30"]
[EventType "swiss"]
[EventRounds "7"]
[EventCountry "BRA"]
[SourceTitle "CB23_2024"]
[SourceDate "2024.06.05"]
[SourceVersion "1"]
[SourceVersionDate "2024.06.05"]
[SourceQuality "1"]

1. d4 Nf6 2. c4 e6 3. Nc3 d5 4. e3 dxc4 5. Bxc4 a6 6. a3 Be7 7. Nf3 b5 8. Be2 Nbd7 9. 0-0 Bb7 10. b4 0-0 11. Bb2 Re8 12. Ne1 Nb6 13. Qc2 h6 14. Nd3 Nc4 15. Nc5 Bxc5 16. bxc5 Nxb2 17. Qxb2 Rb8 18. Rfd1 Qe7 19. Qb4 Red8 20. c6 Qxb4 21. axb4 Bc8 22. Bf3 Rb6 23. d5 exd5 24. Nxd5 Nxd5 25. Rxd5 Rxd5 26. Bxd5 Be6 27. e4 Kf8 28. f4 Bxd5 29. exd5 Ke7 30. Kf2 Kd6 31. Rd1 a5 32. Ke3 a4 33. Kd4 a3 34. Kc3 Ra6 35. Kb3 a2 0-1

[Event "Sao Paulo Pascoa op"]
[Site "Sao Paulo"]
[Date "2024.03.29"]
[Round "1"]
[White "De Menezes, Ricardo Fagner Dias"]
[Black "Lohmann, Edipo Luiz"]
[Result "1-0"]
[WhiteElo "1860"]
[BlackElo "1618"]
[PlyCount "82"]
[EventDate "2024.03.29"]
[EventType "swiss"]
[EventRounds "6"]
[EventCountry "BRA"]
[SourceTitle "CB14_2024"]
[SourceDate "2024.04.01"]
[SourceVersion "1"]
[SourceVersionDate "2024.04.01"]
[SourceQuality "1"]

1. d4 Nf6 2. c4 g6 3. Nc3 Bg7 4. Nf3 d5 5. e3 a6 6. Be2 0-0 7. 0-0 Nc6 8. a3 Bf5 9. b4 dxc4 10. Bxc4 b5 11. Be2 e6 12. Bb2 Ne7 13. Qb3 Bg4 14. h3 Bxf3 15. Bxf3 c6 16. Rfe1 Qc7 17. Rac1 Rac8 18. Rc2 Qd6 19. Rec1 Rc7 20. Ne2 Rfc8 21. Nf4 Nfd5 22. Nd3 Ra8 23. Nc5 Nb6 24. Bc3 Nc4 25. Be1 Bh6 26. Ne4 Qd8 27. Be2 Nd5 28. Bxc4 bxc4 29. Rxc4 f5 30. Nc5 Qe7 31. Rd1 Nb6 32. Rcc1 Nd5 33. Rb1 Bf8 34. Qc4 Kf7 35. Nd3 Bg7 36. Bd2 e5 37. dxe5 Bxe5 38. Re1 Kg7 39. e4 fxe4 40. Qxe4 Re8 41. Qxe5+ Qxe5 1-0

[Event "Hebraica op 31st"]
[Site "Hebraica"]
[Date "2023.07.01"]
[Round "4"]
[White "De Menezes, Ricardo Fagner Dias"]
[Black "Marcal, David Hakak"]
[Result "0-1"]
[WhiteElo "1649"]
[BlackElo "1325"]
[PlyCount "108"]
[EventDate "2023.06.30"]
[EventType "swiss"]
[EventRounds "6"]
[EventCountry "BRA"]
[SourceTitle "CBM 215 Extra"]
[Source "ChessBase"]
[SourceDate "2023.09.30"]
[SourceVersion "1"]
[SourceVersionDate "2023.09.30"]
[SourceQuality "1"]

1. d4 Nf6 2. c4 e6 3. Nc3 d5 4. e3 Be7 5. Nf3 Nbd7 6. Be2 c6 7. 0-0 dxc4 8. Bxc4 0-0 9. Bb3 c5 10. d5 exd5 11. Nxd5 Nxd5 12. Qxd5 Nf6 13. Qxd8 Rxd8 14. Ne5 Be6 15. Bxe6 fxe6 16. b3 Rd5 17. Nf3 Ne4 18. Bb2 Rad8 19. Rfc1 b5 20. g3 Rf8 21. Ne5 Bf6 22. f4 Rd2 23. Rab1 Rfd8 24. a4 a6 25. axb5 axb5 26. Bc3 Re2 27. Ba5 Rd5 28. Ng4 b4 29. Nxf6+ gxf6 30. Re1 Rdd2 31. Rxe2 Rxe2 32. Bd8 Kf7 33. g4 Rxe3 34. Rb2 Rd3 35. Bb6 Ke8 36. Re2 f5 37. gxf5 exf5 38. Bxc5 Rxb3 39. Bd4 Rb1+ 40. Kg2 Rd1 41. Bc5 b3 42. Ba3 Rd2 43. Kf3 Ra2 44. Bb2 Kd7 45. Ke3 Nc5 46. Rg2 Na4 47. Rg7+ Ke6 48. Be5 Rxh2 49. Ra7 b2 50. Rb7 h5 51. Kd3 Kd5 52. Bd4 Nc5+ 53. Ke3 b1Q 54. Rxb1 Rh3+ 0-1

[Event "Natal Potiguar-ch"]
[Site "Natal"]
[Date "2018.01.21"]
[Round "5"]
[White "Rocha, Vitor Firmo de Souz"]
[Black "De Menezes, Ricardo Fagner Dias"]
[Result "1-0"]
[WhiteElo "2219"]
[BlackElo "1631"]
[PlyCount "109"]
[EventDate "2018.01.19"]
[EventType "tourn"]
[EventRounds "9"]
[EventCountry "BRA"]
[SourceTitle "CBM 182 Extra"]
[Source "ChessBase"]
[SourceDate "2018.02.23"]
[SourceVersion "1"]
[SourceVersionDate "2018.02.23"]
[SourceQuality "1"]

1. e4 e6 2. d4 d5 3. Nd2 Nf6 4. e5 Nfd7 5. Bd3 Be7 6. Qg4 0-0 7. Ndf3 f5 8. Qg3 c5 9. c3 cxd4 10. cxd4 Bb4+ 11. Kf1 Qe8 12. Ne2 Qg6 13. Qxg6 hxg6 14. Nf4 Kf7 15. Ng5+ Kg8 16. Nfxe6 Ba5 17. Nxf8 Nxf8 18. Be3 Bd8 19. Nh3 Nc6 20. Rd1 Nh7 21. f4 a6 22. Ke2 Nf8 23. Bc2 Ne6 24. Bb3 Ne7 25. Rc1 Bd7 26. Rc2 Bb6 27. Rd1 Bb5+ 28. Kf2 Rd8 29. a4 Be8 30. Ng5 Nxg5 31. fxg5 Nc6 32. Rcd2 Na5 33. Rd3 Nxb3 34. Rxb3 Bxa4 35. Rdd3 Bb5 36. Rxb5 axb5 37. Kf3 Rc8 38. Rb3 Rc4 39. Rxb5 Bxd4 40. Bxd4 Rxd4 41. Rxb7 Re4 42. Rb6 Kh7 43. e6 d4 44. Rd6 Re3+ 45. Kf2 Rb3 46. e7 Rxb2+ 47. Ke1 Rb1+ 48. Kd2 Rb2+ 49. Kd3 Rb3+ 50. Kxd4 Rb4+ 51. Kd5 Rb5+ 52. Ke6 f4 53. e8Q f3 54. Qxb5 fxg2 55. Qc4 1-0

[Event "Natal Potiguar-ch sf"]
[Site "Natal"]
[Date "2017.09.08"]
[Round "2"]
[White "Araujo, Vitor Angelo Lima"]
[Black "De Menezes, Ricardo Fagner Dias"]
[Result "1-0"]
[WhiteElo "2005"]
[BlackElo "1621"]
[PlyCount "71"]
[EventDate "2017.09.08"]
[EventType "swiss"]
[EventRounds "6"]
[EventCountry "BRA"]
[SourceTitle "CBM 180 Extra"]
[Source "ChessBase"]
[SourceDate "2017.10.06"]
[SourceVersion "1"]
[SourceVersionDate "2017.10.06"]
[SourceQuality "1"]

1. d4 Nf6 2. Nf3 g6 3. c4 d6 4. Nc3 Bg7 5. h3 0-0 6. Bf4 b6 7. e4 Bb7 8. Bd3 Nbd7 9. 0-0 Re8 10. d5 Nf8 11. Rc1 e5 12. Be3 Bc8 13. Qc2 Bd7 14. b4 Qc8 15. Ne2 c5 16. dxc6 Bxc6 17. Nc3 N6d7 18. Nd5 Bxd5 19. cxd5 Qxc2 20. Rxc2 f5 21. Rc6 fxe4 22. Bxe4 Nf6 23. Bc2 Rec8 24. Bb3 Ne8 25. Ng5 h6 26. Ne4 Rd8 27. Bd2 Nh7 28. b5 Bf8 29. Rfc1 Kf7 30. f4 exf4 31. Bxf4 Nhf6 32. Re1 Rac8 33. Nxf6 Kxf6 34. Re6+ Kg7 35. Bc2 Nf6 36. Bxh6+ 1-0

[Event "Natal Potiguar-ch sf"]
[Site "Natal"]
[Date "2017.09.08"]
[Round "1"]
[White "De Menezes, Ricardo Fagner Dias"]
[Black "De Macedo, Matheus Brandao Ten"]
[Result "1-0"]
[WhiteElo "1621"]
[BlackElo "1800"]
[PlyCount "123"]
[EventDate "2017.09.08"]
[EventType "swiss"]
[EventRounds "6"]
[EventCountry "BRA"]
[SourceTitle "CBM 180 Extra"]
[Source "ChessBase"]
[SourceDate "2017.10.06"]
[SourceVersion "1"]
[SourceVersionDate "2017.10.06"]
[SourceQuality "1"]

1. Nf3 Nf6 2. g3 d5 3. d3 g6 4. Bg2 Bg7 5. c3 0-0 6. 0-0 c5 7. Re1 Nc6 8. Qc2 Qb6 9. Nbd2 c4 10. dxc4 Bf5 11. Qb3 Qxb3 12. axb3 dxc4 13. e4 Bd7 14. Nxc4 h6 15. b4 Be6 16. Na3 a6 17. Nc2 Rfd8 18. Ncd4 Nxd4 19. Nxd4 Bc4 20. h3 e5 21. Nf3 Nh7 22. Be3 Bb3 23. Nd2 Be6 24. Ra3 Rd3 25. Bf1 Rd7 26. Nc4 Bxc4 27. Bxc4 Ng5 28. Bxg5 hxg5 29. Bd5 Bf8 30. Ra2 Kg7 31. b5 a5 32. Rea1 Be7 33. Rxa5 Rh8 34. Kg2 b6 35. Ra7 Rhd8 36. Rxd7 Rxd7 37. Ra8 f5 38. f3 Bc5 39. c4 Kf6 40. Ra4 Rd8 41. Ra7 Rf8 42. Ra4 Rb8 43. Kf1 Rh8 44. Kg2 Rb8 45. Ra7 Rf8 46. Ra8 Rxa8 47. Bxa8 Bd4 48. Bd5 Bxb2 49. c5 Ba3 50. cxb6 Bd6 51. Kf1 Ke7 52. Ke2 f4 53. g4 Kd8 54. Kd3 Kc8 55. Kc4 Kd7 56. Bf7 Bb8 57. Kd5 Bd6 58. Bxg6 Bb8 59. Bf5+ Ke7 60. Kc6 Bd6 61. h4 gxh4 62. g5 1-0

[Event "Santa Cruz Regional Norte zt"]
[Site "Santa Cruz"]
[Date "2017.05.05"]
[Round "1"]
[White "De Menezes, Ricardo Fagner Dias"]
[Black "Cavalcante, Gerod Fernandes Cos"]
[Result "1-0"]
[WhiteElo "1622"]
[BlackElo "1759"]
[PlyCount "81"]
[EventDate "2017.05.05"]
[EventType "swiss"]
[EventRounds "6"]
[EventCountry "BRA"]
[SourceTitle "EXT 2018"]
[Source "ChessBase"]
[SourceDate "2017.10.13"]
[SourceVersion "1"]
[SourceVersionDate "2017.10.13"]
[SourceQuality "1"]

1. Nf3 c5 2. d3 Nf6 3. g3 g6 4. Bg2 Bg7 5. 0-0 d6 6. Re1 0-0 7. c3 Na6 8. Nbd2 Be6 9. Qc2 Qb6 10. e4 d5 11. Ng5 dxe4 12. dxe4 Ng4 13. h3 Ne5 14. Nxe6 Qxe6 15. Nf1 c4 16. Be3 Rad8 17. Nh2 Qf6 18. Bd4 b6 19. Ng4 Nf3+ 20. Bxf3 Qxf3 21. Re3 Qxe3 22. Bxe3 e6 23. Qa4 Nc5 24. Bxc5 bxc5 25. Qxc4 Rd6 26. Rb1 Rfd8 27. Qe2 h5 28. Ne3 f5 29. exf5 exf5 30. Qc4+ Kh7 31. Qa4 g5 32. Nxf5 Rd2 33. Nxg7 Kxg7 34. Qxa7+ Kg8 35. Qxc5 Rd1+ 36. Rxd1 Rxd1+ 37. Kg2 Ra1 38. h4 gxh4 39. gxh4 Rb1 40. Qg5+ Kf8 41. Qf5+ 1-0

[Event "Natal Potiguar-ch"]
[Site "Natal"]
[Date "2017.01.15"]
[Round "8"]
[White "De Menezes, Ricardo Fagner Dias"]
[Black "Macedo, Maximo Iack Miranda"]
[Result "0-1"]
[WhiteElo "1636"]
[BlackElo "2352"]
[PlyCount "68"]
[EventDate "2017.01.10"]
[EventType "tourn"]
[EventRounds "11"]
[EventCountry "BRA"]
[SourceTitle "CBM 176 Extra"]
[Source "ChessBase"]
[SourceDate "2017.03.02"]
[SourceVersion "1"]
[SourceVersionDate "2017.03.02"]
[SourceQuality "1"]

1. d4 Nf6 2. c4 e6 3. Nc3 Bb4 4. Bd2 0-0 5. Nf3 b6 6. g3 Bb7 7. Bg2 d6 8. 0-0 Nbd7 9. a3 Bxc3 10. Bxc3 Ne4 11. Rc1 f5 12. e3 a5 13. Ne1 Ba6 14. b3 a4 15. f3 Nxc3 16. Rxc3 axb3 17. Rf2 Qe7 18. Qxb3 c5 19. f4 Rab8 20. Qd1 Nf6 21. h3 Bb7 22. Rb2 Bxg2 23. Nxg2 Ne4 24. Rcb3 Nxg3 25. dxc5 dxc5 26. Rxb6 Rxb6 27. Rxb6 Rd8 28. Qb3 h6 29. a4 Qd7 30. Kh2 Nf1+ 31. Kg1 Nd2 32. Qb5 Qd3 33. Qxc5 Qe2 34. Qc6 Nf3+ 0-1